Geografia na litere L na zdjęciach - Statystyki

Ogólne statystyki
  • Ten quiz został rozwiązany 42 razy
  • Średni wynik to 12 z 18
Statystyki odpowiedzi
Obrazkowy Hint Odpowiedź % Poprawnych
substancja Lawa
100%
miasto Londyn
100%
województwo Lubuskie
100%
rodzaj budynku Latarnia
95%
państwo Liban
92%
miasto Lublin
82%
miasto Las Vegas
79%
państwo (w czerwonym) Lesotho
79%
stan USA Luizjana
79%
dawna waluta Lir
74%
miasto Los Angeles
74%
Szkockie jezioro Loch Ness
61%
Miasto w Wielkiej Brytanii Liverpool
58%
rodzaj zbiornika wodnego Laguna
45%
miasto założone przez Pizarra Lima
32%
miasto Luksor
24%
miasto w Chinach Lhasa
13%
Jezioro w Kanadzie Lake {Louise}
3%
Nie znaleziono quizów pasujących do podanych kryteriów
Rozkład punktacji
Procent ludzi z każdym wynikiem
Percentyl według liczby udzielonych odpowiedzi
Twoja historia wyników
Nie rozwiązałeś tego quizu